000 00542naa a22001697a 4500
001 232931
003 ES-MaBCM
005 20260417123525.0
008 260417s2024 uk ||||| |||| 00| 0 eng d
040 _cES-MaBCM
245 0 4 _aThe catalan labyrinth :
_bseparatist are gearing up for regional elections
650 7 _aMovimiento autonomista
_960234
650 7 _aElecciones regionales
_958506
651 4 _aCataluña
_9115373
773 0 _dLondon
_gVol. 450, n. 9390 (mar. 2024), p. 25- Loc. S.276
_tThe economist
_w104401
942 _2udc
_cAREV
999 _c232931
_d232931